Statistics for "P" Countries By Continent

Click here to take the quiz!

General Stats

  • This quiz has been taken 28 times
  • The average score is 11 of 11

Answer Stats

QuestionAnswer% Correct
People's Republic of ChinaAsia
100%
PakistanAsia
100%
PolandEurope
100%
PortugalEurope
100%
PalestineAsia
96%
PhilippinesAsia
96%
Papua New GuineaOcenia
96%
ParaguaySouth America
96%
PeruSouth America
96%
PanamaNorth America
92%
PalauOcenia
92%

Score Distribution

Percentile by Number Answered

Percent of People with Each Score

Your Score History

You have not taken this quiz